Performance management: threat or opportunity?: current problems surrounding the application of performance management to public services in England and Wales (Record no. 67720)

000 -LEADER
fixed length control field 00436pab a2200133 454500
008 - FIXED-LENGTH DATA ELEMENTS--GENERAL INFORMATION
fixed length control field 180718b2005 xxu||||| |||| 00| 0 eng d
100 ## - MAIN ENTRY--PERSONAL NAME
Personal name Loveday, Barry
245 ## - TITLE STATEMENT
Title Performance management: threat or opportunity?: current problems surrounding the application of performance management to public services in England and Wales
260 ## - PUBLICATION, DISTRIBUTION, ETC.
Date of publication, distribution, etc. 2005
300 ## - PHYSICAL DESCRIPTION
Extent p.97-102.
650 ## - SUBJECT ADDED ENTRY--TOPICAL TERM
Topical term or geographic name entry element Police
773 ## - HOST ITEM ENTRY
Main entry heading Police Journal
909 ## -
-- 67720
Holdings
Withdrawn status Lost status Damaged status Not for loan Permanent Location Current Location Date acquired Serial Enumeration / chronology Barcode Date last seen Price effective from Koha item type
        Indian Institute of Public Administration Indian Institute of Public Administration 2018-07-19 Volume no: 78, Issue no: 2 AR68176 2018-07-19 2018-07-19 Articles

Powered by Koha